Дэмидийн Хишигт (Бичлэгийн дугаар. 1145130)

MARC дэлгэрэнгүй
000 -Удирдлага
Ном зүйн бүртгэл тоо буюу кодлох утгыг агуулсан 02005nam a22002297a 4500
003 - ХЯНАЛТЫН ТОО ТОДОРХОЙЛОГЧ
Код MN-UlNLM
005 - ХАМГИЙН СҮҮЛИЙН ҮЕИЙН ХЭЛЦЛИЙН ОГНОО БА ЦАГ
Тухайн бичилтийг бичсэн засварласан сүүлийн огноо. 20241110193944.0
008 - ЕРӨНХИЙ МЭДЭЭЛЭЛ-ЭЛЕМЕНТҮҮДИЙН ӨГӨГДЛИЙН УРТ
fixed length control field 240911s2022 mp ||||| |||| 00| 0 mon d
020 ## - ОЛОН УЛСЫН СТАНДАРТ НОМЫН ДУГААР-ISBN
Олон Улсын Стандарт Номын Дугаар 9789919997304
040 ## - ЭХ СУРВАЛЖИЙГ ТОДОРХОЙЛОН БИЧИХ
Каталогийн хэл Монгол
041 ## - ХЭЛНИЙ КОД
Текстийн хэлний код/фонограм буюу салангид гарчиг Монгол
084 ## - БУСАД АНГИЛЛЫН ДУГААР
Ангиллын нэр Номын сан номзүйн ангилал
Анги 85.37
Зохиогчийн 3-н тэмдэгт Д 903
Шинжлэх ухааны мэдлэгийн салбар Урлаг - 85
245 0# - ҮНДСЭН ГАРЧИГ
Гарчиг Дэмидийн Хишигт
Оролцогчдын тухай мэдээ Ерөн ред. Э.Сонинтогос, Д.Даваасүрэн
260 1# - ГАРАЛТЫН ТУХАЙ МЭДЭЭ
Хэвлэгдсэн газар УБ
Хэвлэлийн газар Мөнхийн үсэг
Хэвлэгдсэн он 2022
300 ## - ТООНЫ МЭДЭЭ
Хуудасны тоо 317х
Дагалдах материал Зур
505 ## - FORMATTED CONTENTS NOTE
Title Нэгдүгээр бүлэг. Уг түүх ба урлагт хорхойссон жаал хүү --
-- Хоёрдугаар бүлэг. Бурхдад шавилах амны хишигтэй хүү --
-- Гуравдугаар бүлэг. Урлагт зүтгэсэн найруулагч --
-- Дөрөвдүгээр бүлэг. Ирээдүйгээ тэтгэсэн багш --
520 ## - ХУРААНГУЙ МЭДЭЭ, ТОВЧ АГУУЛГА
Эмхэтгэл, г.м Монгол Улсын кино урлагийн түүхийн салшгүй нэг хэсэг болсон нэрт найруулагч Дэмидийн Хишигт Монгол улсын урлагийн гавъяат зүтгэлтэн, кино найруулагч, Монгол кино үйлдвэр, Монгол телевизэд найруулагч, Телекино үйлдвэрт уран сайхны удирдагчаар ажиллаж, "Монгол гэр", "Монгол эмээл", "Монгол бичиг", "Орхоны хөндийгөөр", "Нүүдэлчид" зэрэг олон кино найруулж "Төр магнай", "Гарьд магнай", "Цэцмагаай", "Нөмрөг хадны цуурай" зэрэг уран сайхны кинонд туслах найруулагчаар ажилласан. "Ингэн эгшиг" баримтат кино нь олон улсын "Солонго" их наадамд тэргүүн байр эзэлж байсан.
546 ## - ХЭЛНИЙ ТУХАЙ МЭДЭЭ
Хэл mon
650 ## - Сэдэв
Сэдэв Урлаг
650 ## - Сэдэв
Сэдэв Кино урлаг
942 ## - ЭЛЕМЕНТИЙН ТӨРӨЛ
Төрөл Ном
Захиалгууд
Буцаан татагдсан төлөв Хасагдсан шалтгаан Гэмтсэн төлөв Данс заагч Захиалах боломжгүй Үндсэн номын сан Одоогийн байршил Салбар танхим Салбар танхим Бүртгэсэн огноо Бүрдүүлэлтийн эх үүсвэр Тавиурын заалт Баркод Үнэ Хамгийн сүүлд байсан огноо Нийт уншлаганд гарсан тоо Дансны дугаар Фактур мөрийн дугаар Төрөл
          МУҮНомын сан салбар МУҮНомын сан салбар МУҮНС салбар | Эрдэм танхим 7 давхар МУҮНС салбар | Эрдэм танхим 7 давхар 2024-11-13 Бэлэг, хандив 85.37 Д 903 006000098930 20000.00 2024-11-13   98930   Ном
          МУҮНомын сан салбар МУҮНомын сан салбар МУҮНС салбар | Эрдэм танхим 7 давхар МУҮНС салбар | Эрдэм танхим 7 давхар 2024-11-13 Бэлэг, хандив 85.37 Д 903 006000098931 20000.00 2024-11-13   98931   Ном
        Албан хэрэгцээнд МУҮндэсний Номын сан МУҮндэсний Номын сан МУҮНС төв | Архив фонд төв байр МУҮНС төв | Архив фонд төв байр 2024-09-11 Бэлэг, хандив 85.37 Д 903 003110043652 20000.00 2024-09-11   43652 240614.00 Ном
          МУҮндэсний Номын сан МУҮндэсний Номын сан МУҮНС төв | Ойр фонд МУҮНС төв | Ойр фонд 2024-11-13 Бэлэг, хандив 85.37 Д 903 006000098932 20000.00 2024-11-13   98932   Ном